Where am I?? #20 - Statistics

General Stats
  • This quiz has been taken 53 times
  • The average score is 5 of 6
Answer Stats
Instructions Answer Hint % Correct
Say 1 to receive your hint! 1 Country capital.
100%
Say 2 to receive your hint! 2 Why are all of these buildings white??
100%
Say 3 to receive your hint! 3 This is Eurasian.
95%
Say 4 to receive your hint! 4 I barely see anyone here...
95%
Say 5 to receive your hint! 5 So I'm at a -stan country.
95%
Name the city! Ashgabat
43%
No matching quizzes found
Score Distribution
Percent of People with Each Score
Percentile by Number Answered
Your Score History
You have not taken this quiz